000 00295nam a22001337a 4500
008 170207b xxu||||| |||| 00| 0 eng d
020 _a9781584802495
041 _aeng
080 _24ED
_a61
100 _a3
101 _aSHM
245 _aFIRST AID EMERGENCIES
_cDONALD GORDON
942 _2udc
_cBK
999 _c4782
_d4782